000 00633nam a2200205 i 4500
001 45427
003 ES-MaACL
005 20250918063025.0
007 t|
008 030326s1986 sp ||||1| spa d
100 1 _aColette,
_d1873-1954
_9161423
245 1 0 _aClaudine en la escuela /
_cColette ; traducción de José Batlló.
260 _aBarcelona :
_bAnagrama,
_c[1986]
300 _a238 p. ;
_c20 cm.
490 1 _aPanorama de narrativas ;
_v78
700 1 _aBatlló, José,
_d1939-2016
_926456
830 0 0 _aPanorama de narrativas
_v78
_9123642
852 _aES-MaACL
_jL-10123
_bR.111954
999 _c45427
_d45427